01178nam a2200289Ia 4500003000900000008004100009020001800050040001600068080002100084111008600105245023500191260004200426300001400468490002600482500002600508650004100534650002500575650002700600650002700627650001800654700002700672700003200699710003800731942000700769999001500776952009700791IN-BaIIA211028s9999 xx 000 0 eng d a90-277-1280-8 cIIA Library a082.2:52bIAU-95 aInternational Astronomical Union Symposiumn95thcGermanyd1980 Aug. 26-29912962 0aPulsarsbproceedings of the International Astronomical Union Symposium No.95, held in Bonn, Federal Republic of Germany August 26-29. 1980cedited by W. Sieber and R. Wielebinski  aDordrechtbD. Reidel Publishingc1981 axv, 475p. aIAU Symposium; no. 95 aDonated by Mrs. Bappu aAstronomy and Astrophysics Thesaurus aBinary Pulsars97213 aCollapsed Stars912963 aOptical Pulsars912964 aPulsars97214 aSieber, W., ed.912965 aWielebinski, R., ed.912966 aInternational Astronomical Union  cBK c7664d7664 00104070aBANbBANcGENd1983-07-26l0o082.2:52/ IAU-95p8478r2021-11-05w1983-07-26yBK